Statistics for Hits of 2022 Click Quiz

Click here to take the quiz!

General Stats

  • This quiz has been taken 10 times
  • The average score is 13 of 61

Answer Stats

HintAnswer% Correct
As It WasHarry Styles (A)
100%
Anti-HeroTaylor Swift (A)
83%
About Damn TimeLizzo
67%
Break My SoulBeyonce (B)
50%
I’m Good (Blue)David Guetta & Bebe Rexha
50%
Hold Me CloserElton John & Britney Spears
50%
Super Freaky GirlNikki Minaj
50%
BejweledTaylor Swift (B)
50%
Billie Eilish.Armani White
33%
Quevedo: Bzrp Music Sessions, Vol 52Bizarrap & Quevedo
33%
Pink VenomBlackPink (P)
33%
Light SwitchCharlie Puth
33%
Get Into It (Yuh)Doja Cat (G)
33%
We Dont Talk About BrunoEncanto
33%
Music for a Sushi ResturauntHarry Styles (M)
33%
Golden HourJvke
33%
I Like You (A Happier Song)Post Malone & Doja Cat
33%
UnholySam Smith & Kim Petras
33%
Me Porto BonitoBad Bunny & Chencho Corleone
17%
Moscow MuleBad Bunny (M)
17%
Cuff itBeyonce (C)
17%
Shut DownBlackPink (S)
17%
Yet to ComeBTS
17%
DojaCentral Cee
17%
Left and RightCharlie Puth & Jung Kook
17%
Under The InfluenceChris Brown
17%
VegasDoja Cat (V)
17%
BoyfriendDove Cameron
17%
Jimmy CooksDrake & 21 Savage (J)
17%
Rich FlexDrake & 21 Savage (R)
17%
Numb Little BugEm Beihold
17%
Wait For UFuture, Drake & Tems
17%
Late Night TalkingHarry Styles (L)
17%
BonesImagine Dragons
17%
First ClassJack Harlow
17%
N95Kendrick Lamar
17%
Just Wanna RockLil Uzi Vert
17%
PolandLil Yachty
17%
Made You LookMeghan Trainor
17%
Creepin’Metro Boomin, The Weeknd & 21 Savage
17%
I Ain’t WorriedOneRepublic
17%
Cooped UpPost Malone & Roddie Rich
17%
Calm DownRema & Selena Gomez
17%
SacrificeThe Weeknd
17%
Oh My GodAdele
0%
Titi me PreguntoBad Bunny (T)
0%
MAMIIIBecky G & Karol G
0%
Don’t You WorryBlack Eyed Peas, Shakira & David Guetta
0%
Bam BamCamila Cabello & Ed Sheeran
0%
Romantic HomicideD4VD
0%
Glimpse Of UsJoji (Filthy Frank)
0%
ProvenzaKarol G
0%
Hold My HandLady Gaga
0%
Sweetest PieMegan Thee Stallion & Dua Lipa
0%
Tukoh TakaMyriam Fares, Nicki Minaj & Maluma
0%
SunroofNicky Youre & Dazy
0%
Miss YouOliver Tree & Robin Schulz
0%
Lift Me UpRihanna
0%
Te FelicitoShakira & Rauw Alejandro
0%
Until I Found YouStephen Sanchez
0%
Bad HabitSteve Lacey
0%

Score Distribution

Percentile by Number Answered

Percent of People with Each Score

Your Score History

You have not taken this quiz